Spievaj mi, Gina

Bibliographic Details
Main Authors: Bázlik, Igor, 1941-2023 (Composer), Siváček, Ján, 1928-1987 (Composer)
Corporate Author: Tanečný orchester Československého rozhlasu (Performer)
Other Authors: Marko, Miloš, 1936- (Singer), Šimkovič, Dodo (Singer), Laiferová, Marcela, 1945- (Singer), Hubinská, Tatiana, 1944-1999 (Singer), Kaušitz, Oto, 1909-1982 (Lyricist), Brož, Miroslav, 1922-1991 (Conductor), Skukálek, Rudolf, 1931-2008 (Lyricist), Horváth, Ivan, 1935-2021 (Conductor)
Format: CD Audio
Language:Slovak
PhysicalDescription:1 gramofónová platňa 18 cm
Published: Praha Supraphon [1967]
Subjects:

MARC

LEADER 00000njm a2200000 4500
001 vtls012140044
003 SK-MaSNL
005 20260301191844.0
007 sd cszc p
008 220620s1967 xr sgz g 0 0 slo
028 0 1 |a BIEM 013 0108  |b Supraphon 
028 0 1 |a B-03*10561  |b Supraphon 
028 1 3 |a D 02383/A A  |b Supraphon 
028 1 3 |a D 02384/D A  |b Supraphon 
040 |a SNK  |b slo  |c SNK  |e rda 
041 0 |a slo 
044 |a xr  |c CZ 
072 7 |a 78.011.26  |x Populárna hudba. Populárne piesne. Populárna tanečná hudba  |2 konspekt 
080 |a 78.03.011.26  |2 2011 
080 |a (086.72)  |2 2011 
245 0 0 |a Spievaj mi, Gina  |c Miloš Marko a Dodo Šimkovič 
264 1 |a Praha  |b Supraphon  |c [1967] 
264 4 |c Ⓟ1967 
300 |a 1 gramofónová platňa  |c 18 cm 
336 |a hraná hudba  |b prm  |2 rdacontent 
337 |a audio  |b s  |2 rdamedia 
338 |a iný  |b z  |2 rdacarrier 
340 |a vinyl  |a rda 
344 |a analog  |c 45 ot/min  |g stereo  |2 rda 
500 |a Platňa obsahuje 2 piesne 
500 |a Názov prevzatý z obalu 
500 |a Miesto vydania podľa vydavateľa 
650 0 7 |a populárna hudba  |2 SNKPH  |9 3428 
650 0 7 |a Popular music  |2 SNKPHeng  |9 90436 
655 7 |a gramofónové platne  |2 SNKPH  |9 74608 
655 7 |a Gramophone records  |2 SNKPHeng  |9 286457 
700 1 |a Marko, Miloš,  |d 1936-  |4 sng  |9 212321 
700 1 |a Šimkovič, Dodo  |4 sng  |9 569024 
700 1 |a Laiferová, Marcela,  |d 1945-  |4 sng  |9 100017 
700 1 |a Hubinská, Tatiana,  |d 1944-1999  |4 sng  |9 111897 
700 1 |a Bázlik, Igor,  |d 1941-2023  |4 cmp  |9 121696 
700 1 |a Kaušitz, Oto,  |d 1909-1982  |4 lyr  |9 163824 
700 1 |a Brož, Miroslav,  |d 1922-1991  |4 cnd  |9 38218 
700 1 |a Siváček, Ján,  |d 1928-1987  |4 cmp  |9 41890 
700 1 |a Skukálek, Rudolf,  |d 1931-2008  |4 lyr  |9 124271 
700 1 |a Horváth, Ivan,  |d 1935-2021  |4 cnd  |9 202929 
710 2 |a Tanečný orchester Československého rozhlasu  |4 prf  |9 34364 
740 0 2 |a Zlatá podkova  |h zvukový záznam 
999 |c 872467  |d 874397 
952 |a SNK  |b SNK  |y PREZ  |7 0  |p 17A1420253  |o snk 45-222  |i snk2157/67  |0 0  |1 0  |4 0  |d 2022-06-20  |l 0  |r 2026-02-24 05:47:29  |w 2026-02-24 
952 |a SNKMST  |b SNKMST  |y PREZ  |7 0  |p 17A1420254  |o snk 45-222 D1  |i snk2158/67  |0 0  |1 0  |4 0  |d 2022-06-20  |l 0  |r 2026-02-24 05:47:29  |w 2026-02-24